[Event "CRO-chT2 Center 25th"]
[Site "Croatia"]
[Date "2016.10.23"]
[Round "10.21"]
[White "Muha, Miljenko"]
[Black "Dadic, Ivan"]
[Result "1-0"]
[WhiteElo "2276"]
[BlackElo "2152"]
[PlyCount "115"]
[EventDate "2016.03.13"]
[EventType "team-tourn"]
[EventRounds "11"]
[EventCountry "CRO"]
[SourceTitle "EXT 2019"]
[Source "ChessBase"]
[SourceDate "2018.10.10"]
[SourceVersion "1"]
[SourceVersionDate "2018.10.10"]
[SourceQuality "1"]

1. d4 Nf6 2. c4 e6 3. Nc3 d5 4. cxd5 exd5 5. Bg5 Be7 6. e3 0-0 7. Bd3 Nbd7 8. Nf3 Re8 9. Qc2 Nf8 10. h3 Nh5 11. Bxe7 Rxe7 12. 0-0 g6 13. b4 Ng7 14. Qb3 c6 15. b5 Bf5 16. Be2 Ne8 17. Rfc1 Nd6 18. bxc6 bxc6 19. Ne5 Rc7 20. Qa4 Bd7 21. Qa5 Nb7 22. Qa6 f6 23. Nxd7 Qxd7 24. Bf3 Kg7 25. Rc2 Nd6 26. Rac1 Ne6 27. Qa4 Rd8 28. Be2 Nc8 29. Qa5 Nb6 30. Na4 Rb8 31. Nc5 Nxc5 32. Rxc5 Rbc8 33. Ba6 Rb8 34. Bb5 Rbc8 35. Qc3 Qd6 36. Qc2 Nd7 37. Rc3 Nb8 38. Ba4 h5 39. Bb3 f5 40. Qd3 Nd7 41. R1c2 Nf6 42. f3 c5 43. dxc5 Rxc5 44. Rxc5 Rxc5 45. Qd4 Rxc2 46. Bxc2 Qd7 47. Bb3 Qf7 48. e4 fxe4 49. fxe4 Kh7 50. exd5 Qe7 51. Bc4 Ne8 52. Bd3 Nd6 53. h4 Ne8 54. Qf4 Nf6 55. d6 Qe6 56. Qg5 Qxd6 57. Bxg6+ Kh8 58. Bxh5 1-0

[Event "CRO-chT2 Center 25th"]
[Site "Croatia"]
[Date "2016.09.25"]
[Round "8.11"]
[White "Czebe, Attila"]
[Black "Dadic, Ivan"]
[Result "1-0"]
[WhiteElo "2458"]
[BlackElo "2152"]
[PlyCount "115"]
[EventDate "2016.03.13"]
[EventType "team-tourn"]
[EventRounds "11"]
[EventCountry "CRO"]
[SourceTitle "EXT 2019"]
[Source "ChessBase"]
[SourceDate "2018.10.10"]
[SourceVersion "1"]
[SourceVersionDate "2018.10.10"]
[SourceQuality "1"]

1. c4 Nf6 2. Nc3 e5 3. Nf3 d6 4. d4 Nbd7 5. e4 c6 6. Be2 Be7 7. 0-0 0-0 8. Rb1 Re8 9. b4 Bf8 10. Qc2 Qc7 11. Rd1 g6 12. h3 Bg7 13. Be3 d5 14. exd5 e4 15. Nh2 cxd5 16. Nb5 Qd8 17. Bf4 Re7 18. Bc7 Qe8 19. Bd6 e3 20. Nc7 exf2+ 21. Kf1 Rxe2 22. Qxe2 Qxe2+ 23. Kxe2 Rb8 24. Nxd5 Nxd5 25. cxd5 Ra8 26. Rbc1 Nf6 27. Be5 Nxd5 28. Bxg7 Kxg7 29. Kxf2 Be6 30. a3 Rd8 31. Nf1 Nf6 32. Ne3 Ne4+ 33. Kf3 Nd6 34. d5 Bd7 35. Rc7 Ba4 36. Rdc1 Bb3 37. R7c3 Ba4 38. Rd3 Rd7 39. Rd2 Bb5 40. Rc5 h5 41. g4 hxg4+ 42. hxg4 Re7 43. Rxb5 Nxb5 44. d6 Rd7 45. Nc4 f6 46. Rd3 a6 47. Ke4 Kf7 48. Kd5 Nc7+ 49. Kc5 Na8 50. a4 Ke6 51. Re3+ Kf7 52. a5 Kf8 53. g5 fxg5 54. Ne5 Rd8 55. Rf3+ Ke8 56. Rh3 b6+ 57. axb6 Rc8+ 58. Kd4 1-0

[Event "CRO-chT2 Center 25th"]
[Site "Croatia"]
[Date "2016.09.25"]
[Round "7.61"]
[White "Slogar, Dubravko"]
[Black "Dadic, Ivan"]
[Result "1/2-1/2"]
[WhiteElo "2317"]
[BlackElo "2152"]
[PlyCount "91"]
[EventDate "2016.03.13"]
[EventType "team-tourn"]
[EventRounds "11"]
[EventCountry "CRO"]
[SourceTitle "EXT 2019"]
[Source "ChessBase"]
[SourceDate "2018.10.10"]
[SourceVersion "1"]
[SourceVersionDate "2018.10.10"]
[SourceQuality "1"]

1. d4 Nf6 2. Nf3 e6 3. g3 d5 4. Bg2 Be7 5. 0-0 0-0 6. c4 c6 7. Qc2 b6 8. Rd1 Bb7 9. Nc3 Nbd7 10. b3 Re8 11. e4 Nxe4 12. Nxe4 dxe4 13. Qxe4 Nf6 14. Qe2 Bd6 15. Ne5 Rc8 16. Bf4 Qe7 17. Rd3 Red8 18. Rad1 Nd7 19. Be4 Nf6 20. Bg5 h6 21. Bxf6 gxf6 22. Qh5 Kg7 23. Ng4 Rh8 24. Ne3 Kf8 25. Bg2 Rd8 26. d5 cxd5 27. cxd5 Ba6 28. R3d2 Bb4 29. Rc2 Bc5 30. Rcd2 f5 31. dxe6 Rxd2 32. Rxd2 Bxe3 33. fxe3 Qxe6 34. Kf2 Kg7 35. Bh3 Re8 36. Qf3 Bc8 37. Rd4 Re7 38. g4 Qe5 39. gxf5 Qxh2+ 40. Bg2 Rc7 41. Rg4+ Kf6 42. Qd5 Rc2+ 43. Kf3 Bxf5 44. Qd8+ Ke6 45. Qe8+ Kf6 46. Qd8+ 1/2-1/2

[Event "CRO-chT2 Center 25th"]
[Site "Croatia"]
[Date "2016.04.17"]
[Round "6.22"]
[White "Pandurevic, Miro"]
[Black "Dadic, Ivan"]
[Result "1-0"]
[WhiteElo "2300"]
[BlackElo "2152"]
[PlyCount "81"]
[EventDate "2016.03.13"]
[EventType "team-tourn"]
[EventRounds "11"]
[EventCountry "CRO"]
[SourceTitle "EXT 2019"]
[Source "ChessBase"]
[SourceDate "2018.10.10"]
[SourceVersion "1"]
[SourceVersionDate "2018.10.10"]
[SourceQuality "1"]

1. e4 e5 2. Nf3 d6 3. d4 Nf6 4. Nc3 Nbd7 5. Bc4 Be7 6. h3 c6 7. dxe5 dxe5 8. 0-0 0-0 9. a4 Qc7 10. Qe2 Nc5 11. Nh4 Be6 12. Nf5 Bxc4 13. Qxc4 Ne6 14. Be3 Rfd8 15. Nxe7+ Qxe7 16. Ne2 Nh5 17. Rfd1 h6 18. a5 Qc7 19. g3 b5 20. axb6 Rxd1+ 21. Rxd1 axb6 22. Nc3 Nf6 23. Qb4 c5 24. Qc4 Qb7 25. Nd5 Ne8 26. c3 b5 27. Qe2 Kf8 28. Qg4 Ra6 29. Qf5 f6 30. f4 exf4 31. Nxf4 Ng5 32. Ng6+ Kg8 33. Bxg5 hxg5 34. Rd7 Qb8 35. Ne7+ Kf8 36. e5 c4 37. Qh7 Qa7+ 38. Rxa7 Rxa7 39. Ng6+ Kf7 40. e6+ Kxe6 41. Qg8+ 1-0

[Event "CRO-chT2 Center 23rd"]
[Site "Grubisno Polje"]
[Date "2014.09.14"]
[Round "9.64"]
[White "Dadic, Ivan"]
[Black "Marangunic, Srdjan"]
[Result "0-1"]
[WhiteElo "2118"]
[BlackElo "2338"]
[PlyCount "126"]
[EventDate "2014.03.02"]
[EventType "team-match"]
[EventRounds "11"]
[EventCountry "CRO"]
[SourceTitle "EXT 2016"]
[Source "ChessBase"]
[SourceDate "2015.10.08"]
[SourceVersion "1"]
[SourceVersionDate "2015.10.08"]
[SourceQuality "1"]

1. e4 g6 2. Nf3 Bg7 3. c3 Nf6 4. d3 0-0 5. Be2 d6 6. Nbd2 c5 7. 0-0 Nc6 8. Re1 Rb8 9. a4 a6 10. Bf1 Nd7 11. Nc4 b5 12. axb5 axb5 13. Ne3 Nde5 14. Nd2 e6 15. f4 Nd7 16. Nf3 Bb7 17. Kh1 Ne7 18. Bd2 Qb6 19. Qb3 d5 20. Ng4 c4 21. dxc4 dxc4 22. Qc2 Ra8 23. Be3 Qc7 24. Rad1 h5 25. Nf2 Nc5 26. Bd4 f6 27. Nh4 Nb3 28. f5 g5 29. Ng6 Rfe8 30. Qe2 exf5 31. Qxh5 fxe4 32. Nxe4 Nxd4 33. cxd4 Nf5 34. Nh4 Nxh4 35. Nxf6+ Bxf6 36. Rxe8+ Rxe8 37. Qxe8+ Kg7 38. Qxb5 Be4 39. Qb4 Qc6 40. Qd2 Bd5 41. Qf2 Qd7 42. Rd2 Qg4 43. Qg3 Qxg3 44. hxg3 Nf5 45. Kh2 Nxd4 46. Be2 Nxe2 47. Rxe2 Kf7 48. Kh3 Be6+ 49. g4 Ke7 50. Rd2 Be5 51. g3 Bf6 52. Rf2 Bd4 53. Rd2 Bg7 54. Re2 Kd6 55. Rd2+ Bd5 56. Kh2 Kc5 57. Kg1 Bd4+ 58. Kf1 Bf3 59. Ke1 Bxg4 60. Rh2 Be5 61. Kd2 Bxg3 62. Kc3 Be5+ 63. Kd2 Bf5 0-1

[Event "CRO-chT2 Center 23rd"]
[Site "Grubisno Polje"]
[Date "2014.03.16"]
[Round "3.3"]
[White "Dadic, Ivan"]
[Black "Markovic, Vjeran"]
[Result "1-0"]
[WhiteElo "2118"]
[BlackElo "2167"]
[PlyCount "75"]
[EventDate "2014.03.02"]
[EventType "team-match"]
[EventRounds "11"]
[EventCountry "CRO"]
[SourceTitle "EXT 2016"]
[Source "ChessBase"]
[SourceDate "2015.10.08"]
[SourceVersion "1"]
[SourceVersionDate "2015.10.08"]
[SourceQuality "1"]

1. e4 d6 2. Nf3 Nf6 3. c3 g6 4. Bd3 Bg7 5. Bc2 0-0 6. 0-0 e5 7. d3 Nc6 8. Re1 d5 9. Nbd2 h6 10. h3 Be6 11. Qe2 Qd7 12. Nf1 Nh5 13. N3h2 d4 14. Bb3 Nf4 15. Bxf4 exf4 16. Bxe6 fxe6 17. c4 Rf7 18. Nd2 a5 19. Reb1 Bf8 20. Ndf3 a4 21. Ng4 Bg7 22. b4 axb3 23. axb3 Rff8 24. Rxa8 Rxa8 25. b4 h5 26. Ngh2 Ra3 27. e5 Ne7 28. Qe4 Nf5 29. Qxf4 Rxd3 30. g4 hxg4 31. hxg4 Nh6 32. Qe4 Rc3 33. Qxg6 Qf7 34. Qe4 Rxc4 35. Ng5 Qd7 36. Ra1 Nf7 37. Ra8+ Nd8 38. Qh7+ 1-0

[Event "CRO-chT2 Center 23rd"]
[Site "Grubisno Polje"]
[Date "2014.03.02"]
[Round "1.2"]
[White "Dadic, Ivan"]
[Black "Martic, Slavko"]
[Result "1-0"]
[WhiteElo "2118"]
[BlackElo "2006"]
[PlyCount "72"]
[EventDate "2014.03.02"]
[EventType "team-match"]
[EventRounds "11"]
[EventCountry "CRO"]
[SourceTitle "EXT 2016"]
[Source "ChessBase"]
[SourceDate "2015.10.08"]
[SourceVersion "1"]
[SourceVersionDate "2015.10.08"]
[SourceQuality "1"]

1. e4 e5 2. Nf3 Nc6 3. Bb5 a6 4. Ba4 Nf6 5. d3 Bc5 6. c3 b5 7. Bb3 d6 8. 0-0 0-0 9. Re1 h6 10. Nbd2 Bg4 11. h3 Bd7 12. Nf1 Bb6 13. Ng3 Nh7 14. d4 Kh8 15. a4 b4 16. d5 Ne7 17. cxb4 f5 18. exf5 Nxf5 19. Nxf5 Bxf5 20. Be3 Qf6 21. Bxb6 cxb6 22. Nh2 Bxh3 23. gxh3 Ng5 24. Qg4 Qxf2+ 25. Kh1 Qxb2 26. Rab1 Qc3 27. Rec1 Qe3 28. Nf1 Qd3 29. Ng3 Rf4 30. Rc8+ Kh7 31. Bc2 Qxc2 32. Rxc2 Rxg4 33. hxg4 Rf8 34. Rf1 Re8 35. Rc7 e4 36. Nh5 Kh8 1-0

[Event "CRO-chT2 Center"]
[Site "Zagreb"]
[Date "2012.10.14"]
[Round "8.36"]
[White "Dadic, Ivan"]
[Black "Greb, Nikola"]
[Result "1-0"]
[WhiteElo "2099"]
[BlackElo "2056"]
[PlyCount "55"]
[EventDate "2012.03.18"]
[EventType "team-swiss"]
[EventRounds "11"]
[EventCountry "CRO"]
[SourceTitle "EXT 2019"]
[Source "ChessBase"]
[SourceDate "2018.10.10"]
[SourceVersion "1"]
[SourceVersionDate "2018.10.10"]
[SourceQuality "1"]

1. e4 c5 2. Nf3 Nc6 3. Bb5 d6 4. c3 Qa5 5. Ba4 Nf6 6. d3 e5 7. Nbd2 Be7 8. 0-0 0-0 9. Re1 Bg4 10. h3 Bh5 11. Bb3 Qc7 12. Nf1 Rad8 13. Ng3 Bg6 14. Nh4 d5 15. Qf3 c4 16. dxc4 Bxe4 17. Nxe4 dxe4 18. Qe2 Na5 19. Nf5 Rc8 20. Bg5 Bd8 21. Rad1 Nxc4 22. Rxd8 Rfxd8 23. Bxf6 gxf6 24. Qg4+ Kf8 25. Qg7+ Ke8 26. Qg8+ Kd7 27. Qxf7+ Kc6 28. Qxc4+ 1-0

[Event "CRO-chT2 Center"]
[Site "Zagreb"]
[Date "2012.04.01"]
[Round "5.65"]
[White "Dadic, Ivan"]
[Black "Tomasic, Roland"]
[Result "1/2-1/2"]
[WhiteElo "2094"]
[BlackElo "2100"]
[PlyCount "96"]
[EventDate "2012.03.18"]
[EventType "team-swiss"]
[EventRounds "11"]
[EventCountry "CRO"]
[SourceTitle "EXT 2014"]
[Source "ChessBase"]
[SourceDate "2013.11.20"]
[SourceVersion "1"]
[SourceVersionDate "2013.11.20"]
[SourceQuality "1"]

1. e4 c5 2. Nf3 d6 3. c3 Nf6 4. Bd3 Nc6 5. Bc2 g6 6. h3 Bg7 7. d3 0-0 8. 0-0 b5 9. Re1 Qc7 10. Nbd2 a5 11. a4 b4 12. d4 bxc3 13. bxc3 cxd4 14. cxd4 Nb4 15. Bb1 Nd7 16. Bb2 Bb7 17. Ra3 Nb6 18. Qb3 Bc6 19. Rc1 Qd7 20. Nc4 Nxc4 21. Rxc4 d5 22. Rc1 dxe4 23. Ne5 Bxe5 24. dxe5 Rab8 25. e6 Qxe6 26. Qxe6 fxe6 27. Be5 Rbc8 28. Re1 Bd5 29. Bc3 Rc4 30. Bd2 Rfc8 31. Rae3 Nc2 32. Bxc2 Rxc2 33. Bxa5 R2c4 34. Ra3 Ra8 35. Bb6 Raxa4 36. Rxa4 Rxa4 37. Rc1 Rb4 38. Be3 Rb8 39. Rc7 Kf7 40. Bg5 Re8 41. Rd7 Ba8 42. Ra7 Bd5 43. Kh2 h5 44. h4 e5 45. Kg3 Ke6 46. Ra6+ Kf7 47. Ra7 Bc6 48. Rc7 Bd5 1/2-1/2

[Event "CRO-chT4A Center"]
[Site "Zagreb"]
[Date "2010.11.14"]
[Round "11.52"]
[White "Dadic, Ivan"]
[Black "Podravec, Kresimir"]
[Result "1/2-1/2"]
[WhiteElo "2074"]
[BlackElo "2142"]
[PlyCount "75"]
[EventDate "2010.03.21"]
[EventType "team-tourn"]
[EventRounds "11"]
[EventCountry "CRO"]
[SourceTitle "EXT 2012"]
[Source "ChessBase"]
[SourceDate "2011.11.24"]
[SourceVersion "1"]
[SourceVersionDate "2011.11.24"]
[SourceQuality "1"]

1. e4 c5 2. Nf3 e6 3. d3 d5 4. Nbd2 Nc6 5. c3 Nf6 6. Qc2 Be7 7. Be2 0-0 8. 0-0 a6 9. a4 Bd7 10. Re1 b5 11. Bf1 d4 12. e5 Nd5 13. Ne4 Qc7 14. Bd2 h6 15. axb5 axb5 16. Rac1 Qb6 17. cxd4 cxd4 18. Nc5 Be8 19. Nb3 Ra7 20. Re4 Rc7 21. Qd1 f5 22. exf6 Rxf6 23. Qe1 Bd7 24. Nfxd4 Nxd4 25. Rxd4 Rxc1 26. Bxc1 Qd6 27. g3 Bd8 28. Re4 Bb6 29. d4 Bc6 30. Bg2 Nb4 31. Nc5 Nc2 32. Qc3 Bxc5 33. Bf4 Rxf4 34. Rxf4 Nxd4 35. Rxd4 Bxd4 36. Qxc6 Qxc6 37. Bxc6 Bxb2 38. Bxb5 1/2-1/2

[Event "CRO-chT4A Center"]
[Site "Zagreb"]
[Date "2010.10.17"]
[Round "8.42"]
[White "Ranogajec, Vlado"]
[Black "Dadic, Ivan"]
[Result "1-0"]
[WhiteElo "2074"]
[BlackElo "2074"]
[PlyCount "59"]
[EventDate "2010.03.21"]
[EventType "team-tourn"]
[EventRounds "11"]
[EventCountry "CRO"]
[SourceTitle "EXT 2012"]
[Source "ChessBase"]
[SourceDate "2011.11.24"]
[SourceVersion "1"]
[SourceVersionDate "2011.11.24"]
[SourceQuality "1"]

1. d4 Nf6 2. c4 e6 3. Nc3 d5 4. Bg5 Be7 5. Nf3 b6 6. cxd5 exd5 7. e3 0-0 8. Bd3 Bb7 9. Qc2 h6 10. Bf4 c5 11. 0-0 Nc6 12. a3 Nh5 13. Be5 Nxe5 14. Nxe5 cxd4 15. exd4 Nf4 16. Bf5 Bd6 17. Rfe1 Bc8 18. g3 Bxe5 19. Rxe5 f6 20. Re3 Nh3+ 21. Kg2 Ng5 22. h4 Nf7 23. Bxc8 Rxc8 24. Qf5 Rc7 25. Nxd5 Nd6 26. Qf3 Rc2 27. Nf4 Nf5 28. Re4 Qc8 29. Ne6 Re8 30. Qxf5 1-0

[Event "CRO-chT4A Center"]
[Site "Zagreb"]
[Date "2010.04.25"]
[Round "5.22"]
[White "Dadic, Ivan"]
[Black "Josipovic, Perica"]
[Result "0-1"]
[WhiteElo "2074"]
[BlackElo "2121"]
[PlyCount "94"]
[EventDate "2010.03.21"]
[EventType "team-tourn"]
[EventRounds "11"]
[EventCountry "CRO"]
[SourceTitle "EXT 2012"]
[Source "ChessBase"]
[SourceDate "2011.11.24"]
[SourceVersion "1"]
[SourceVersionDate "2011.11.24"]
[SourceQuality "1"]

1. e4 e6 2. d3 d5 3. Nd2 Nf6 4. Ngf3 b6 5. c3 Be7 6. Be2 0-0 7. 0-0 dxe4 8. dxe4 Bb7 9. Qc2 Qc8 10. Re1 a5 11. h3 Rd8 12. e5 Nfd7 13. Ne4 Nc5 14. Nxc5 Bxc5 15. Ng5 g6 16. Ne4 Be7 17. Bg5 Bxg5 18. Nxg5 Nd7 19. Bc4 Nf8 20. Qc1 Qd7 21. Qf4 Qe7 22. Rad1 Kg7 23. h4 h6 24. Nh3 Rxd1 25. Rxd1 Nh7 26. Qd4 Nf8 27. Bb5 Bd5 28. c4 Bb7 29. a3 Rc8 30. Ba4 Rb8 31. Kh2 Nh7 32. Kg3 Nf8 33. Rd2 Ba6 34. f3 b5 35. Qa7 Rb6 36. cxb5 Bxb5 37. Qxa5 Qc5 38. Re2 Nd7 39. Bxb5 Rxb5 40. Qe1 Nxe5 41. Nf4 g5 42. hxg5 hxg5 43. Nh3 Qd6 44. Qc3 Rc5 45. Qd2 Nd3+ 46. f4 gxf4+ 47. Kf3 Qd5+ 0-1